Transformácia bytových družstiev. 1

Beseda o aktuálnych problémoch pri transformácii bytových družstiev. Legislatíva upravujúca prevod bytov a postavenie družstiev.

Enregistré dans:
Détails bibliographiques
Auteur principal: Višváder, P.
Format: Chapitre de livre
Langue:slovaque
Sujets:
Tags: Ajouter un tag
Pas de tags, Soyez le premier à ajouter un tag!

MARC

LEADER 00000naa a2200000 4500
001 r022415
005 20230801104557.6
041 0 |a slo 
044 |a SK 
245 1 0 |a Transformácia bytových družstiev. 1  |c P. Višváder 
520 |a Beseda o aktuálnych problémoch pri transformácii bytových družstiev. Legislatíva upravujúca prevod bytov a postavenie družstiev. 
610 2 0 |a Slovensko 
610 2 0 |a 1989-1996 
610 2 0 |a družstvá bytové 
610 2 0 |a transformácia 
610 2 0 |a diskusia 
610 2 0 |a legislatíva 
610 2 0 |a byty 
100 1 |a Višváder, P.